000
00268nam a2200097Ia 4500
008
210107s9999 xx 000 0 und d
100
_a
Anderson, David R. [et al]
245
0
_a
Statistics for Business and economics
260
_a
New Delhi
_b
Cengage Learning
942
_c
BK
999
_c
11758
_d
11758